00524nam a2200205 a 4500001001300000003000900013005001700022008004100039020001100080082001500091100001900106245002200125260005200147300000900199500003500208505000900243650002300252650002400275700001900299nice12345678IN_TiNIC20260116012101.0050524s1971 pata grp 000 0 eng  ac6.7500a275.4bPER aPerumalil, A C aApostles in India aPatnabXavier Teahers` Training Institutec1971 a234p aincludes index and biblioraphy2 aMaps aChristianity-India aSaint Thomas Church1 aPerumalil, A C